01477nam a2200337Ia 4500001001200000003000800012006001900020007001500039008004100054010001700095020001800112020001500130040002100145035002100166050002800187111010600215245016600321260004800487300002500535504004100560533015200601650002600753650004000779650004900819650006400868655002900932700001800961710001700979856012600996999001701122ebr10255997CaPaEBRm u cr cn|||||||||011204s2001 njua sb 100 0 eng d z 2001280524 z9789810247348 z9810247346 aCaPaEBRcCaPaEBR a(OCoLC)26901213914aQC793.5.P58bW67 2000eb2 aWorkshop on "Forward Physics and Luminosity Determination at LHC"n(1st :d2000 :cHelsinki, Finland)10aForward physics and luminosity determination at LHCh[electronic resource] :bHelsinki, Finland, 31 October-4 November 2000 /ceditors, Katri Huitu ... [et al.]. aRiver Edge, NJ :bWorld Scientific,cc2001. aviii, 226 p. :bill. aIncludes bibliographical references. aElectronic reproduction.bPalo Alto, Calif. :cebrary,d2009.nAvailable via World Wide Web.nAccess may be limited to ebrary affiliated libraries. 0aPomeronsvCongresses. 0aQuantum chromodynamicsvCongresses. 0aPerturbation (Quantum dynamics)vCongresses. 0aLarge Hadron Collider (France and Switzerland)vCongresses. 7aElectronic books.2local1 aHuitu, Katri.2 aebrary, Inc.40uhttp://site.ebrary.com/lib/rucke/Doc?id=10255997zAn electronic book accessible through the World Wide Web; click to view c14409d14409